L'analyse du récit (notice n° 1706652)
[ vue normale ]
| 000 -LEADER | |
|---|---|
| fixed length control field | 01112cam a2200133 4500500 |
| 005 - DATE AND TIME OF LATEST TRANSACTION | |
| control field | 20260322000502.0 |
| 041 ## - LANGUAGE CODE | |
| Language code of text/sound track or separate title | fre |
| 042 ## - AUTHENTICATION CODE | |
| Authentication code | dc |
| 100 10 - MAIN ENTRY--PERSONAL NAME | |
| Personal name | Reuter, Yves |
| Relator term | author |
| 245 00 - TITLE STATEMENT | |
| Title | L'analyse du récit |
| 260 ## - PUBLICATION, DISTRIBUTION, ETC. | |
| Name of publisher, distributor, etc. | Armand Colin,<br/> |
| Date of publication, distribution, etc. | 2025.<br/> |
| 520 ## - SUMMARY, ETC. | |
| Summary, etc. | L’approche narratologique présente trois caractéristiques majeures: elle permet l’analyse des différents types de récits (littéraires ou non)&#8239;; elle met en lumière leurs principes de composition communs au-delà des différences apparentes&#8239;; elle peut s’articuler avec des approches fondées sur la production ou la réception de ces textes.Cet ouvrage expose donc les concepts fondamentaux et les outils descriptifs permettant l’étude précise des grands niveaux du récit: fiction, narration et mise en texte. Afin d’éclairer leurs applications possibles, les notions sont illustrées de nombreux exemples issus aussi bien d’œuvres littéraires variées que de récits non littéraires. |
| 856 41 - ELECTRONIC LOCATION AND ACCESS | |
| Uniform Resource Identifier | <a href="https://shs.cairn.info/l-analyse-du-recit-3e-ed--9782200641108?lang=fr&redirect-ssocas=7080">https://shs.cairn.info/l-analyse-du-recit-3e-ed--9782200641108?lang=fr&redirect-ssocas=7080</a> |
Pas d'exemplaire disponible.




Réseaux sociaux